Inconsistent mathematics (Record no. 53369)
[ view plain ]
| 000 -LEADER | |
|---|---|
| fixed length control field | 00473nam a2200157 4500 |
| 020 ## - INTERNATIONAL STANDARD BOOK NUMBER | |
| International Standard Book Number | 0792331869 |
| 082 ## - DEWEY DECIMAL CLASSIFICATION NUMBER | |
| Classification number | 511.3 |
| Item number | MOR |
| 100 ## - MAIN ENTRY--PERSONAL NAME | |
| Personal name | Mortensen, Chris |
| 245 ## - TITLE STATEMENT | |
| Title | Inconsistent mathematics |
| Statement of responsibility, etc. | Chris Mortensen |
| 260 ## - PUBLICATION, DISTRIBUTION, ETC. | |
| Place of publication, distribution, etc. | Boston ,Kluwer |
| Name of publisher, distributor, etc. | Academic Publishers |
| Date of publication, distribution, etc. | c1995 |
| 300 ## - PHYSICAL DESCRIPTION | |
| Extent | 155p.; 25cm.- |
| 490 ## - SERIES STATEMENT | |
| Series statement | Mathematics and its applications |
| 650 ## - SUBJECT ADDED ENTRY--TOPICAL TERM | |
| Topical term or geographic name entry element | Logic, Symbolic and Mathematical |
| 650 ## - SUBJECT ADDED ENTRY--TOPICAL TERM | |
| Topical term or geographic name entry element | Inconsistency (Logic) |
| 650 ## - SUBJECT ADDED ENTRY--TOPICAL TERM | |
| Topical term or geographic name entry element | Symbolic and Mathematical Logic |
| Withdrawn status | Lost status | Damaged status | Not for loan | Collection code | Home library | Current library | Date acquired | Total Checkouts | Full call number | Barcode | Date last seen | Price effective from | Koha item type |
|---|---|---|---|---|---|---|---|---|---|---|---|---|---|
| North Eastern Hill University | North Eastern Hill University | 24/11/2011 | 511.3 MOR | 168298 | 24/11/2011 | 24/11/2011 | Books |
